| 000 | 00397 a2200169 4500 | ||
|---|---|---|---|
| 001 | 171898 | ||
| 020 | _a978-85-10-04156-0 | ||
| 040 | _cMagnum | ||
| 100 | _aCastro, Maria da Glória | ||
| 240 | 1 | 0 |
_aQuem roubou minha infância? _lpor |
| 245 | 1 | 0 | _aQuem roubou minha infância? |
| 300 | _a39 | ||
| 362 | 0 | _a2005 | |
| 440 | 1 | _aEditora do Brasil | |
| 697 | _aLITERATURA JUVENIL | ||
| 942 | _cBK | ||
| 999 |
_c171898 _d171898 |
||